<?xml version="1.0" encoding="UTF-8"?>
<record
    xmlns:xsi="http://www.w3.org/2001/XMLSchema-instance"
    xsi:schemaLocation="http://www.loc.gov/MARC21/slim http://www.loc.gov/standards/marcxml/schema/MARC21slim.xsd"
    xmlns="http://www.loc.gov/MARC21/slim">

  <leader>00441nam a2200169Ia 4500</leader>
  <controlfield tag="008">220803s9999    xx            000 0 und d</controlfield>
  <datafield tag="020" ind1=" " ind2=" ">
    <subfield code="a">81-7993-067-X</subfield>
  </datafield>
  <datafield tag="041" ind1=" " ind2=" ">
    <subfield code="a">eng</subfield>
  </datafield>
  <datafield tag="082" ind1=" " ind2=" ">
    <subfield code="a">551.6 LAL/RED</subfield>
  </datafield>
  <datafield tag="100" ind1=" " ind2=" ">
    <subfield code="a">Lal B Ed.</subfield>
    <subfield code="9">18082</subfield>
  </datafield>
  <datafield tag="245" ind1=" " ind2=" ">
    <subfield code="a">Wealth From Waste</subfield>
  </datafield>
  <datafield tag="260" ind1=" " ind2=" ">
    <subfield code="a">New Delhi</subfield>
    <subfield code="b">Teri Publication</subfield>
    <subfield code="c">2005</subfield>
  </datafield>
  <datafield tag="300" ind1=" " ind2=" ">
    <subfield code="a">495p</subfield>
  </datafield>
  <datafield tag="500" ind1=" " ind2=" ">
    <subfield code="a">Environment</subfield>
  </datafield>
  <datafield tag="650" ind1=" " ind2=" ">
    <subfield code="a">Environmental Architecture</subfield>
    <subfield code="9">18083</subfield>
  </datafield>
  <datafield tag="700" ind1=" " ind2=" ">
    <subfield code="a">Reddy M R Ed.</subfield>
    <subfield code="9">18084</subfield>
  </datafield>
  <datafield tag="999" ind1=" " ind2=" ">
    <subfield code="c">12616</subfield>
    <subfield code="d">12616</subfield>
  </datafield>
  <datafield tag="952" ind1=" " ind2=" ">
    <subfield code="0">0</subfield>
    <subfield code="1">0</subfield>
    <subfield code="4">0</subfield>
    <subfield code="7">0</subfield>
    <subfield code="8">Book of B Arch</subfield>
    <subfield code="a">BNCA</subfield>
    <subfield code="b">BNCA</subfield>
    <subfield code="c">T4</subfield>
    <subfield code="d">2006-08-18</subfield>
    <subfield code="e">Techniz Books</subfield>
    <subfield code="g">600.00</subfield>
    <subfield code="l">0</subfield>
    <subfield code="o">720.47  LAL/RED</subfield>
    <subfield code="p">BNCA-BK-5069</subfield>
    <subfield code="r">2022-08-03 00:00:00</subfield>
    <subfield code="v">750.00</subfield>
    <subfield code="w">2006-04-27</subfield>
    <subfield code="y">BK</subfield>
    <subfield code="z">B005069</subfield>
  </datafield>
  <datafield tag="952" ind1=" " ind2=" ">
    <subfield code="0">0</subfield>
    <subfield code="1">0</subfield>
    <subfield code="4">0</subfield>
    <subfield code="7">0</subfield>
    <subfield code="8">Book of B Arch</subfield>
    <subfield code="a">BNCA</subfield>
    <subfield code="b">BNCA</subfield>
    <subfield code="c">T4</subfield>
    <subfield code="d">2007-12-15</subfield>
    <subfield code="e">Teri Publication</subfield>
    <subfield code="g">630.00</subfield>
    <subfield code="l">0</subfield>
    <subfield code="o">628.4  LAL/RED</subfield>
    <subfield code="p">BNCA-BK-5937</subfield>
    <subfield code="r">2022-08-03 00:00:00</subfield>
    <subfield code="v">700.00</subfield>
    <subfield code="w">2007-12-11</subfield>
    <subfield code="y">BK</subfield>
    <subfield code="z">B005937</subfield>
  </datafield>
</record>
